zpět

Detail výsledku týmu

Lidové sady, Liberec

Datum a čas kvízu

28.5 Celkem bodů Celkový počet nahraných bodů na tomto kvízu bez doplňovacích otázek.
8. Pořadí na kvízu Konečné umístění týmu na tomto kvízu.

Zaznamenané odpovědi

# Otázka Odpověď Body Výsledky
1. Legendární vlak Orient Express... 0
2. V Evropské unii začalo platit... 1
3. Slovenským potápěčům se podaři... 1
4. Společnost Mafra, patřící do k... 1
5. Dva góly a dvě typická oslavná... 1
6. Ukrajina patří mezi největší z... 1
7. Hlavním a největším městem Ukr... 1
8. Který z těchto mužů v současné... 0
9. Mezi nejtypičtější ukrajinské... 1
10. Ukrajina drží jeden zajímavý s... 0